Statistics for Expert Harry Potter Quiz

Click here to take the quiz!

General Stats

  • This quiz has been taken 4,255 times
    (4,245 since last reset)
  • The average score is 38 of 49

Answer Stats

HintAnswer% Correct
Dobby's KillerBellatrix Lestrange
95%
Hagrid is Half Wizard and Half...Giant
93%
Wife of Remus LupinNymphadora Tonks
93%
One of Professor Albus Dumbledore's Middle NamesPercival Wulfric Brian
93%
Something that the core of a wand can contain (U....)Unicorn Hair
92%
House is Susan Bones is a member ofHufflepuff
91%
The first Horcrux that Harry DestroyedTom Riddles Diary
91%
Wizard BankGringotts
90%
Position Ron Weasley played on the Gryffindor Quidditch teamKeeper
90%
The core of Harry Potters wandPhoenix Feather
90%
Hermione's date for the Yule BallVictor Krum
90%
Name of Hagrid's pet HippogriffBuckbeak
89%
Lord Voldemorts inner circleDeath Eaters
89%
Name of Ron's Pet RatScabbers
89%
The Spell that drove Frank and Alice Longbottom madCruciatus Curse
88%
Something that the core of a wand can contain (D....)Dragon Heartstring
88%
What Harry Potter named his daughterLily
87%
The Name of Hagrid's DogFang
86%
Ron Weasleys brief girlfriend in 6th yearLavender Brown
86%
Albus Dumbledore's SisterAriana
85%
Five-time winner of Witch Weekly's Most-Charming-Smile AwardGilderoy Lockhart
84%
Owned Ron's pet rat before RonPercy Weasley
84%
James Potters Animagi (Animagus)Stag
84%
The sweet that Fred and George Dropped in the Dursley's living room for Dudley to findTon-Tongue Toffee
84%
Good Luck potionFelix Felicis
83%
Xenophilius "Xeno" Lovegood's MagazineThe Quibbler
83%
What did Draco Malfoy Repair in the Room of RequirementVanishing Cabinet
83%
Winner of the Quidditch World Cup (Book 4)Ireland
82%
Position Fred and George Weasley played on the Gryffindor Quidditch teamBeaters
81%
Hermione's Middle NameJean
81%
Bill Weasley's wifeFleur Delacour
80%
Name of the animal that provided that core for Harry's wandFawkes
79%
Month of Hermione Granger's birthday?September
79%
Subject Charity Burbage teachesMuggle Studies
78%
Barty Crouch Seniors House ElfWinky
77%
What dragon did Harry face in the first task of the Triwizard TournamentHungarian Horntail
75%
Vegetable Luna Lovegood wore as earingsRadishes
69%
The first meeting place for Dumbledore's ArmyThe Hog's Head
67%
Soft Plant Beneth the Trap DoorDevil's Snare
66%
Secretly listened at the door when Dumbledore interviewd Sybill Trelawney.Severus Snape
65%
Supreme Mugwump of the International Confederation of Wizards as well as the Chief Warlock of the WizengamotAlbus Dumbledore
60%
Occasional Care of Magical Creatures SubstituteWilhelmina Grubbly-Plank
60%
Sweet shop in HogsmeadeHoneydukes
57%
Former Head of the Department of Magical Games and SportsLudo Bagman
57%
What tool is used to get past Fluffy and into the trap doorWooden Flute
56%
What Bill Weasley have a craving for after being attacked by Fenrir GreybackRaw Meat
50%
Muggle Candy Dumbledore is rather fond ofLemon Drops
49%
That Hippogriff's Temporary NicknameWitherwings
45%
Aside from Hogwarts groundskeeper and Care of Magical Creatures teacher, what other responsibility does Hagrid haveThe Keeper of Keys
40%

Score Distribution

Percentile by Number Answered

Percent of People with Each Score

Your Score History

You have not taken this quiz since the last reset